Sociology (Record no. 240966)

MARC details
000 -LEADER
fixed length control field 01286nam a22002537a 4500
003 - CONTROL NUMBER IDENTIFIER
control field St Aloysius Coll
005 - DATE AND TIME OF LATEST TRANSACTION
control field 20260227172219.0
008 - FIXED-LENGTH DATA ELEMENTS--GENERAL INFORMATION
fixed length control field 260227b |||||||| |||| 00| 0 eng d
020 ## - INTERNATIONAL STANDARD BOOK NUMBER
International Standard Book Number 9781292738611
040 ## - CATALOGING SOURCE
Transcribing agency AL
041 ## - LANGUAGE CODE
Language code of text/sound track or separate title English
082 ## - DEWEY DECIMAL CLASSIFICATION NUMBER
Classification number 301
Item number CURS
100 ## - MAIN ENTRY--PERSONAL NAME
Personal name Timothy J Curry
9 (RLIN) 257110
245 ## - TITLE STATEMENT
Title Sociology
Remainder of title : evidence and insights
250 ## - EDITION STATEMENT
Edition statement 1
260 ## - PUBLICATION, DISTRIBUTION, ETC.
Place of publication, distribution, etc. London
Name of publisher, distributor, etc. Pearson
Date of publication, distribution, etc. 2025
300 ## - PHYSICAL DESCRIPTION
Extent 575p.
Other physical details PB
Dimensions 27.4x21.5cm
365 ## - TRADE PRICE
Source of price type code General
Price type code 6279
Price amount ₹5668.00
Currency code
Unit of pricing ₹7266
Price note 22%
Price effective from 23/02/2026
520 ## - SUMMARY, ETC.
Summary, etc. ociology: Evidence and Insights guides students to analyze society through a combination of data and classic and contemporary sociological perspectives. In today's era of "alternative facts" and "fake news," authors Timothy Curry, Robert Jiobu and Cynthia Fabrizio Pelak give students the tools to distinguish between sociological insights and claims not supported by data. By prompting readers to make evidence-based arguments from different sociological perspectives, the text empowers students to bridge the great political and social divides that characterize our world today.
650 ## - SUBJECT ADDED ENTRY--TOPICAL TERM
Source of heading or term Social Sciences
Topical term or geographic name entry element Sociology
9 (RLIN) 257111
700 ## - ADDED ENTRY--PERSONAL NAME
Personal name Jiobu, Robert M
9 (RLIN) 257112
700 ## - ADDED ENTRY--PERSONAL NAME
Personal name Pelak, Cynthia Fabrizio
9 (RLIN) 257113
942 ## - ADDED ENTRY ELEMENTS (KOHA)
Source of classification or shelving scheme Dewey Decimal Classification
Koha item type Book
Holdings
Withdrawn status Lost status Source of classification or shelving scheme Damaged status Not for loan Collection code Home library Current library Date acquired Source of acquisition Cost, normal purchase price Total Checkouts Full call number Barcode Date last seen Cost, replacement price Price effective from Koha item type
    Dewey Decimal Classification     MSW St Aloysius PG Library St Aloysius PG Library 02/25/2026 Biblios Book Point 5668.00   301 CURS PG025207 02/27/2026 7266.00   Book